[Event "Gornozavodsk-ch 8th okrug op"]
[Site "Nizhnij Tagil"]
[Date "2007.08.02"]
[Round "9"]
[White "Galiakhmetov, Vadim"]
[Black "Sosnin, Alexander"]
[Result "0-1"]
[WhiteElo "1978"]
[BlackElo "2074"]
[PlyCount "44"]
[EventDate "2007.07.24"]
[EventType "swiss"]
[EventRounds "9"]
[EventCountry "RUS"]
[SourceTitle "EXT 2022"]
[Source "ChessBase"]
[SourceDate "2021.10.06"]
[SourceVersion "1"]
[SourceVersionDate "2021.10.06"]
[SourceQuality "1"]

1. c4 e5 2. Nc3 f5 3. Nf3 d6 4. d4 e4 5. Ng5 h6 6. Nh3 g5 7. g3 Nc6 8. Bg2 Bg7 9. e3 Nf6 10. 0-0 Bd7 11. Nd5 Rf8 12. Nxf6+ Qxf6 13. a3 0-0-0 14. Kh1 Rh8 15. b4 h5 16. Qa4 Kb8 17. b5 Ne7 18. Rb1 h4 19. Re1 hxg3 20. fxg3 f4 21. Nf2 Qh6 22. Kg1 Qxh2+ 0-1

[Event "Gornozavodsk-ch 8th okrug op"]
[Site "Nizhnij Tagil"]
[Date "2007.07.30"]
[Round "6"]
[White "Galiakhmetov, Vadim"]
[Black "Bogomolov, Alexey"]
[Result "0-1"]
[WhiteElo "1978"]
[BlackElo "2255"]
[PlyCount "82"]
[EventDate "2007.07.24"]
[EventType "swiss"]
[EventRounds "9"]
[EventCountry "RUS"]
[SourceTitle "EXT 2022"]
[Source "ChessBase"]
[SourceDate "2021.10.06"]
[SourceVersion "1"]
[SourceVersionDate "2021.10.06"]
[SourceQuality "1"]

1. c4 Nf6 2. Nf3 g6 3. g3 Bg7 4. Bg2 0-0 5. 0-0 d6 6. Nc3 e5 7. d4 Nbd7 8. e4 Re8 9. h3 exd4 10. Nxd4 Nc5 11. Re1 c6 12. Rb1 a5 13. b3 Qc7 14. a3 Nfd7 15. b4 axb4 16. axb4 Ne6 17. Nde2 Ne5 18. Qb3 Nd3 19. Rd1 Nxc1 20. Rbxc1 Nf8 21. Nd4 h5 22. b5 h4 23. g4 Ne6 24. Nxe6 Bxe6 25. Nd5 Bxd5 26. cxd5 c5 27. f4 Qb6 28. Kh1 Ra5 29. Rb1 Rea8 30. Qd3 Ra2 31. Rd2 c4 32. Rxa2 cxd3 33. Rxa8+ Kh7 34. Rd1 Qe3 35. Ra3 Qxf4 36. Raxd3 Be5 37. Kg1 Qg5 38. Rf1 Kg7 39. Rfd1 Qe7 40. Rf3 Qc7 41. Bf1 Qc2 0-1

[Event "Gornozavodsk-ch 8th okrug op"]
[Site "Nizhnij Tagil"]
[Date "2007.07.28"]
[Round "5"]
[White "Galiakhmetov, Vadim"]
[Black "Dashevskaya, Larisa"]
[Result "1-0"]
[WhiteElo "1978"]
[BlackElo "2060"]
[PlyCount "125"]
[EventDate "2007.07.24"]
[EventType "swiss"]
[EventRounds "9"]
[EventCountry "RUS"]
[SourceTitle "EXT 2022"]
[Source "ChessBase"]
[SourceDate "2021.10.06"]
[SourceVersion "1"]
[SourceVersionDate "2021.10.06"]
[SourceQuality "1"]

1. c4 e6 2. Nf3 d5 3. g3 Nf6 4. Bg2 Be7 5. 0-0 0-0 6. cxd5 exd5 7. d4 Nbd7 8. Nc3 c6 9. b3 Re8 10. Bb2 Nf8 11. Rc1 Ng6 12. a3 Bf5 13. b4 a6 14. Na4 Ne4 15. Nc5 Nd6 16. Nd2 Bf6 17. h4 Ne7 18. f3 Bg6 19. e4 b6 20. Ncb3 Nc4 21. Nxc4 dxc4 22. Rxc4 Rc8 23. f4 h6 24. Re1 c5 25. bxc5 bxc5 26. Rxc5 Qb6 27. Bc3 Nc6 28. Kh2 Be7 29. h5 Bxh5 30. Rxh5 Bxa3 31. d5 Ne7 32. Ba1 Ng6 33. Qd4 Qxd4 34. Bxd4 Rc2 35. Kg1 Rb8 36. Na5 Rd2 37. Nc6 Rb3 38. Re3 Rb1+ 39. Kh2 Bc1 40. Re1 Rc2 41. Be3 Rbb2 42. Bxc1 Rxg2+ 43. Kh3 Rbc2 44. f5 Nf8 45. Kg4 Nd7 46. Rhh1 h5+ 47. Kh3 Nf6 48. Reg1 Rge2 49. Nd4 Nxe4 50. Nxc2 Nf2+ 51. Kg2 Nxh1+ 52. Kxh1 Rxc2 53. d6 Kf8 54. Rd1 Ke8 55. d7+ Kd8 56. Bf4 Rc4 57. Be3 Rc6 58. Kg2 a5 59. Kh3 a4 60. Kh4 a3 61. Rd2 Ra6 62. Bc5 Ra4+ 63. Kh3 1-0